000 00379nam a22001577a 4500
005 20161022160858.0
008 161022b xxu||||| |||| 00| 0 eng d
020 _a978-81-8031-707-1
041 _aeng
100 _aSINGH,KUMAR DR.AJAY
_93659
245 _aMEDIA KI BADALI BHASHA
260 _bLOK BHARTI
300 _a221
650 _aMASS COM @JOURNALISM
_93631
942 _cBK
999 _c5306
_d5304